[Event "Finale kadetskih liga-kadeti 2016."]
[Site "Djurdjevac"]
[Date "2016.12.29"]
[Round "5.23"]
[White "Smetisko, Lucija"]
[Black "Cigrovski, Jakov"]
[Result "0-1"]
[WhiteElo "1645"]
[BlackElo "1728"]
[PlyCount "176"]
[EventDate "2016.12.27"]

1. e4 c5 2. Nf3 d6 3. d4 cxd4 4. Nxd4 Nf6 5. Nc3 a6 6. Be2 e5 7. Nf3 h6 8. h3
Be6 9. O-O Be7 10. Be3 O-O 11. Qd3 Nbd7 12. Rfd1 Qc7 13. Qd2 b5 14. a3 Rac8 15.
Rac1 Rfd8 16. Qe1 Nb6 17. Bxb6 Qxb6 18. Bd3 Qc5 19. Bf1 Rc6 20. Rd2 b4 21. axb4
Qxb4 22. Nd5 Bxd5 23. exd5 Rb6 24. c3 Qc5 25. b4 Qc7 26. Nh2 Rc8 27. Nf3 Qb7
28. Bd3 Qc7 29. Bf5 Ra8 30. Be4 g6 31. Ra2 Qc4 32. Re2 Nxe4 33. Rxe4 Qxd5 34.
Nxe5 Bg5 35. Rd1 Qb7 36. Nc4 Kg7 37. Nxb6 Qxb6 38. Qe2 Rc8 39. Qd3 Qc6 40. c4
Bf6 41. Qd5 Qa4 42. Qd2 Qb3 43. Rc1 Qa3 44. Re3 Qa4 45. Rd3 Be7 46. Rd5 Rb8 47.
Rb1 Qe8 48. Re1 Qf8 49. Qd4+ Bf6 50. Qd2 Rb6 51. Rd1 Rc6 52. Qd3 Qc8 53. Rc1
Qe6 54. Rd1 Be7 55. Kf1 Kh7 56. Re1 Qf6 57. Qd4 Qxd4 58. Rxd4 Bf6 59. Rde4 Bc3
60. Rb1 Rb6 61. Re3 Bxb4 62. Reb3 a5 63. Ke2 Kg7 64. Kd3 Kf6 65. Ke4 Ke6 66. g4
Rc6 67. Kd3 Rc5 68. f4 f5 69. R3b2 fxg4 70. hxg4 h5 71. gxh5 Rxh5 72. Ke4 Rh3
73. Rc2 Bc5 74. Re1 a4 75. Rg2 Kf6 76. Kd5 Rd3+ 77. Kc6 Rd4 78. Kb5 Rxf4 79.
Kxa4 Rxc4+ 80. Kb3 Rf4 81. Kc2 g5 82. Kd3 g4 83. Re4 Kf5 84. Rxf4+ Kxf4 85. Ke2
g3 86. Kf1 Bf2 87. Ke2 Ke4 88. Kf1 Ke3 0-1

[Event "Finale kadetskih liga-kadeti 2016."]
[Site "Djurdjevac"]
[Date "2016.12.29"]
[Round "5.31"]
[White "Jambresic, Filip"]
[Black "Tomulic, Teo"]
[Result "0-1"]
[WhiteElo "2007"]
[BlackElo "2209"]
[PlyCount "129"]
[EventDate "2016.12.27"]

1. Nf3 d5 2. c4 e6 3. d4 Nf6 4. Nc3 c6 5. Bg5 Nbd7 6. e3 Qa5 7. Nd2 Bd6 8. a3
O-O 9. c5 Bb8 10. b4 Qc7 11. f4 Kh8 12. Bd3 Ng8 13. Qh5 g6 14. Qh3 Kg7 15. O-O
f6 16. Bh4 e5 17. g4 e4 18. Be2 f5 19. gxf5 Ndf6 20. Qg2 Bxf5 21. h3 Qd7 22.
Kh2 Kf7 23. Rg1 Ne7 24. Qg5 Ke8 25. Bg4 Bxg4 26. hxg4 h6 27. Qxf6 Rxf6 28. Bxf6
Kf7 29. Be5 Bc7 30. Ne2 a5 31. Nb3 axb4 32. axb4 Rxa1 33. Nxa1 Qc8 34. Nb3 Ng8
35. Kh3 h5 36. Bxc7 hxg4+ 37. Kh2 Qxc7 38. Rxg4 Nh6 39. Rh4 Kg7 40. Kg2 Nf5 41.
Rh3 Qc8 42. Na5 Qa8 43. Kf2 Qa6 44. Ng3 Nh6 45. Ne2 Qb5 46. Nb3 Ng4+ 47. Kf1
Qxb4 48. Rg3 Nh6 49. Nbc1 Qd2 50. Kf2 Kf6 51. Nb3 Qb2 52. Nbc1 Qa3 53. Rh3 Ng4+
54. Kg3 Nxe3 55. Kh2 Ng4+ 56. Kg2 e3 57. Kf3 Nf2 58. Rh7 Nd3 59. Nxd3 Qxd3 60.
Rxb7 Qe4+ 61. Kg3 Qh1 62. Rb2 Kf5 63. Rc2 Ke4 64. Ra2 Kd3 65. Nc1+ 0-1

[Event "Finale kadetskih liga-kadeti 2016."]
[Site "Djurdjevac"]
[Date "2016.12.29"]
[Round "5.32"]
[White "Cvitan, Ena"]
[Black "Novosel, Marko"]
[Result "0-1"]
[WhiteElo "2079"]
[BlackElo "1926"]
[PlyCount "82"]
[EventDate "2016.12.27"]

1. d4 Nf6 2. c4 e5 3. dxe5 Ng4 4. Bf4 Nc6 5. Nf3 Bc5 6. e3 Qe7 7. Nc3 Bb4 8.
Qb3 Na5 9. Qc2 Nc6 10. a3 Bxc3+ 11. Qxc3 f6 12. exf6 Nxf6 13. Bd3 d6 14. O-O-O
Bg4 15. h3 Bxf3 16. gxf3 O-O-O 17. Rhg1 Kb8 18. Bc2 Ne5 19. Bxe5 dxe5 20. h4 h6
21. Bf5 Rhf8 22. e4 Nh5 23. Rxd8+ Rxd8 24. Kb1 Qxh4 25. Qxe5 Qxf2 26. Rc1 Qxf3
27. c5 Nf4 28. Rc3 Qd1+ 29. Ka2 Ne2 30. Qxg7 Nc1+ 31. Kb1 Ne2+ 32. Ka2 Nxc3+
33. Qxc3 Qa4 34. Bg6 Qc6 35. Bf5 a6 36. Qe3 Qf6 37. Bg4 Qf7+ 38. Kb1 Re8 39. c6
Qf1+ 40. Ka2 Qc4+ 41. Ka1 Rxe4 0-1

[Event "Finale kadetskih liga-kadeti 2016."]
[Site "Djurdjevac"]
[Date "2016.12.29"]
[Round "5.33"]
[White "Winkler, Sven"]
[Black "Duda, Daniel"]
[Result "1-0"]
[WhiteElo "1643"]
[BlackElo "1925"]
[PlyCount "55"]
[EventDate "2016.12.27"]

1. c4 e6 2. g3 d5 3. Bg2 Nf6 4. Nf3 c5 5. cxd5 exd5 6. d3 Nc6 7. O-O Be7 8. Bg5
O-O 9. Nbd2 h6 10. Bxf6 Bxf6 11. Rb1 b6 12. e4 dxe4 13. dxe4 Ba6 14. Re1 Bd3
15. e5 Bxb1 16. exf6 Bxa2 17. fxg7 Re8 18. Nh4 Rxe1+ 19. Qxe1 Bd5 20. Qe3 Bxg2
21. Qxh6 f6 22. Kxg2 Ne5 23. Ne4 Kf7 24. Nf5 b5 25. Nfd6+ Ke6 26. g8=Q+ Qxg8
27. Qxf6+ Kd5 28. Nc3+ 1-0

[Event "Finale kadetskih liga-kadeti 2016."]
[Site "Djurdjevac"]
[Date "2016.12.29"]
[Round "5.34"]
[White "Mazuran, Gabrijel"]
[Black "Mesar, Vedran"]
[Result "1-0"]
[WhiteElo "1737"]
[BlackElo "1470"]
[PlyCount "75"]
[EventDate "2016.12.27"]

1. d4 Nf6 2. c4 e6 3. Nf3 Bb4+ 4. Bd2 Bxd2+ 5. Nbxd2 O-O 6. e4 b6 7. e5 Ne8 8.
Bd3 Bb7 9. Qc2 h6 10. O-O d6 11. Rad1 Nd7 12. Be4 d5 13. cxd5 exd5 14. Bh7+ Kh8
15. Rfe1 Qe7 16. Bf5 c6 17. e6 fxe6 18. Bxe6 Rf6 19. Bg8 Qxe1+ 20. Rxe1 Kxg8
21. Re7 Rf7 22. Rxf7 Kxf7 23. Qf5+ Ndf6 24. Ne5+ Ke7 25. Ng6+ Kf7 26. Nf3 Nc7
27. Nfe5+ Ke8 28. h4 Rd8 29. g4 Bc8 30. Qf3 Ne6 31. Nxc6 Rd6 32. Nge5 a5 33.
Qf5 Kf8 34. g5 Bb7 35. gxf6 Bxc6 36. fxg7+ Kxg7 37. Qg6+ Kh8 38. Nf7# 1-0

[Event "Finale kadetskih liga-kadeti 2016."]
[Site "Djurdjevac"]
[Date "2016.12.29"]
[Round "6.11"]
[White "Golub, Nikolina"]
[Black "Jambresic, Filip"]
[Result "0-1"]
[WhiteElo "1856"]
[BlackElo "2007"]
[PlyCount "134"]
[EventDate "2016.12.27"]

1. d4 Nf6 2. c4 c5 3. d5 e6 4. Nc3 exd5 5. cxd5 d6 6. e4 g6 7. Nf3 a6 8. a4 Bg7
9. Bd3 Bg4 10. h3 Bxf3 11. Qxf3 O-O 12. O-O Qe7 13. Bf4 Nh5 14. Bh2 Nd7 15.
Rab1 Rac8 16. Bc2 Be5 17. Ne2 b5 18. Rfc1 Rb8 19. axb5 axb5 20. b4 Rfc8 21. g4
Qg5 22. Qg2 Nf4 23. Bxf4 Bxf4 24. h4 Qe5 25. Nxf4 Qxf4 26. Bd1 cxb4 27. Rxc8+
Rxc8 28. Qf3 Qxf3 29. Bxf3 Rc4 30. Bg2 Nc5 31. f3 b3 32. Bf1 Rb4 33. Kf2 Na4
34. Ke1 b2 35. Kd2 Kg7 36. g5 h6 37. Bd3 hxg5 38. hxg5 f6 39. f4 fxg5 40. fxg5
Nc5 41. Bc2 Nxe4+ 42. Bxe4 Rxe4 43. Kd3 Rb4 44. Kc3 Rc4+ 45. Kd3 Rc5 46. Kd4
Rc2 47. Kd3 Rg2 48. Kd4 Rg4+ 49. Ke3 Rxg5 50. Rxb2 Rxd5 51. Ke4 Re5+ 52. Kf4
Kf6 53. Kg4 g5 54. Rb4 Ke6 55. Rd4 Kd7 56. Kf3 Kc6 57. Kg4 Kc5 58. Rd1 b4 59.
Rc1+ Kb5 60. Rd1 d5 61. Kf3 b3 62. Rb1 Kb4 63. Kf2 d4 64. Rd1 Kc3 65. Rc1+ Kd2
66. Rb1 Kc2 67. Rg1 b2 0-1

[Event "Finale kadetskih liga-kadeti 2016."]
[Site "Djurdjevac"]
[Date "2016.12.29"]
[Round "6.13"]
[White "Cigrovski, Jakov"]
[Black "Winkler, Sven"]
[Result "1/2-1/2"]
[WhiteElo "1728"]
[BlackElo "1643"]
[PlyCount "87"]
[EventDate "2016.12.27"]

1. e4 e6 2. d4 d5 3. Nc3 Nf6 4. Bg5 Be7 5. e5 Nfd7 6. h4 a6 7. Qg4 f6 8. Be3 g6
9. O-O-O c5 10. Bd3 f5 11. Qg3 Nc6 12. Nf3 cxd4 13. Bxd4 b5 14. Ne2 Nc5 15.
Bxc5 Bxc5 16. h5 g5 17. h6 Rg8 18. Rh5 g4 19. Nd2 Qe7 20. f4 Bd7 21. Nb3 b4 22.
Nxc5 Qxc5 23. Qh4 Qe7 24. Qxe7+ Kxe7 25. g3 a5 26. Bb5 Nxe5 27. fxe5 Bxb5 28.
Nf4 Rac8 29. Rd4 Bc4 30. a3 bxa3 31. bxa3 Bb3 32. Rh2 Bc4 33. Kd2 Rc7 34. Rh5
Rb7 35. Kc1 Bb5 36. Kd2 Rc7 37. Rxf5 Rgc8 38. Rg5 Rxc2+ 39. Ke3 R8c3+ 40. Nd3
Kf8 41. Rf4+ Ke8 42. Rg8+ Ke7 43. Rg7+ Ke8 44. Rg8+ 1/2-1/2

[Event "Finale kadetskih liga-kadeti 2016."]
[Site "Djurdjevac"]
[Date "2016.12.29"]
[Round "6.21"]
[White "Matanovic, Anto"]
[Black "Smetisko, Josip"]
[Result "0-1"]
[WhiteElo "1683"]
[BlackElo "1942"]
[PlyCount "70"]
[EventDate "2016.12.27"]

1. e4 d6 2. d4 Nf6 3. Nc3 e5 4. dxe5 dxe5 5. Qxd8+ Kxd8 6. Nf3 Bd6 7. Bg5 c6 8.
O-O-O Ke7 9. Be2 Be6 10. Rd2 Nbd7 11. Rhd1 Bb4 12. Nxe5 Nxe5 13. f4 Bxc3 14.
bxc3 h6 15. Bxf6+ gxf6 16. fxe5 fxe5 17. g4 Rhg8 18. h3 h5 19. Rg1 hxg4 20.
hxg4 Rg7 21. a3 Rag8 22. Bd1 Kf6 23. Rf2+ Kg5 24. Kd2 Rh7 25. Ke3 Rh4 26. Be2
c5 27. Bd1 Rg6 28. Rgf1 Rh3+ 29. Kd2 Rgh6 30. Be2 Rh1 31. Kd1 Rxf1+ 32. Rxf1
Rh4 33. Ke1 f6 34. Kd2 Rh2 35. Kd3 Rxe2 0-1

[Event "Finale kadetskih liga-kadeti 2016."]
[Site "Djurdjevac"]
[Date "2016.12.29"]
[Round "6.22"]
[White "Smetisko, Lucija"]
[Black "Hajpek, Erik"]
[Result "0-1"]
[WhiteElo "1645"]
[BlackElo "1708"]
[PlyCount "102"]
[EventDate "2016.12.27"]

1. e4 e5 2. Nf3 Nc6 3. Bc4 Bc5 4. c3 Nf6 5. d3 a6 6. O-O Ba7 7. Bg5 d6 8. h3 h6
9. Bh4 g5 10. Bg3 g4 11. hxg4 Bxg4 12. Nbd2 Nh5 13. Bh2 Qd7 14. Qe1 Rg8 15. Kh1
Nf4 16. Rg1 b5 17. Bxf4 bxc4 18. Be3 cxd3 19. Bxa7 Nxa7 20. Qe3 h5 21. Nh2 Be2
22. Ndf3 f5 23. exf5 Qxf5 24. Nd4 Qf7 25. Nxe2 dxe2 26. Qxe2 Kd7 27. a3 Nc6 28.
Rad1 Qf5 29. Qf3 Qg6 30. Qd5 Rae8 31. Nf3 e4 32. Nd4 Nxd4 33. Qxd4 Qg4 34. Qe3
Rgf8 35. Kh2 Qh4+ 36. Qh3+ Qxh3+ 37. gxh3 Rxf2+ 38. Rg2 Ref8 39. Kg1 Rxg2+ 40.
Kxg2 Ke6 41. Re1 d5 42. Re3 h4 43. Re2 Ke5 44. Re1 c5 45. Rd1 d4 46. cxd4+ cxd4
47. Rc1 e3 48. b4 d3 49. a4 d2 50. Rd1 e2 51. Rg1 e1=Q 0-1

[Event "Finale kadetskih liga-kadeti 2016."]
[Site "Djurdjevac"]
[Date "2016.12.29"]
[Round "6.23"]
[White "Drempetic, Mario"]
[Black "Brcic, Karlo"]
[Result "1-0"]
[WhiteElo "1619"]
[BlackElo "1489"]
[PlyCount "73"]
[EventDate "2016.12.27"]

1. e4 e6 2. d4 d5 3. exd5 exd5 4. c4 Nf6 5. Nc3 Bb4 6. cxd5 Nxd5 7. Bd2 Nxc3 8.
bxc3 Bd6 9. Nf3 Bg4 10. Be2 O-O 11. O-O Re8 12. Re1 Nd7 13. Ng5 Bxe2 14. Rxe2
h6 15. Nf3 Rc8 16. Rxe8+ Qxe8 17. Qb3 b6 18. Re1 Qf8 19. c4 c5 20. d5 Nf6 21.
Nh4 Re8 22. Nf5 Rxe1+ 23. Bxe1 Qe8 24. Bc3 Be5 25. h3 Ne4 26. Bxe5 Qxe5 27. Qf3
Nd6 28. Nxd6 Qxd6 29. Qf5 a5 30. Qc8+ Kh7 31. Qc6 Qe5 32. d6 Qe1+ 33. Kh2 Qxf2
34. Qe4+ f5 35. Qe5 f4 36. Qe4+ Kg8 37. d7 1-0

[Event "Finale kadetskih liga-kadeti 2016."]
[Site "Djurdjevac"]
[Date "2016.12.29"]
[Round "6.31"]
[White "Bulic Braculj, Luka"]
[Black "Kolar, Mihael"]
[Result "0-1"]
[WhiteElo "1851"]
[BlackElo "1720"]
[PlyCount "56"]
[EventDate "2016.12.27"]

1. d4 Nf6 2. c4 e6 3. g3 d5 4. Nf3 Be7 5. Bg2 O-O 6. O-O c5 7. cxd5 exd5 8. Nc3
Nc6 9. e3 a6 10. b3 h6 11. Bb2 Be6 12. dxc5 Bxc5 13. Na4 Be7 14. Rc1 Rc8 15.
Nc5 Bxc5 16. Rxc5 Ne4 17. Rc1 Qd7 18. Nd4 Bh3 19. Ne2 Ng5 20. Nf4 Bxg2 21. Kxg2
Rfd8 22. Rc5 Ne7 23. Qd4 Nf5 24. Qxd5 Rxc5 25. Qxc5 Nh4+ 26. Kh1 Qd1 27. Kg1
Ngf3+ 28. Kh1 Qxf1# 0-1

[Event "Finale kadetskih liga-kadeti 2016."]
[Site "Djurdjevac"]
[Date "2016.12.29"]
[Round "6.32"]
[White "Jakrlin, Mihael"]
[Black "Simunic, Krunoslav"]
[Result "0-1"]
[WhiteElo "1663"]
[BlackElo "1866"]
[PlyCount "116"]
[EventDate "2016.12.27"]

1. d4 Nf6 2. Bg5 d5 3. Nc3 e6 4. f3 Be7 5. Qd2 Nbd7 6. e3 h6 7. Bh4 Ne4 8. fxe4
Bxh4+ 9. g3 Bg5 10. exd5 exd5 11. h4 Be7 12. Nxd5 Nf6 13. Nxf6+ Bxf6 14. O-O-O
Qd5 15. e4 Qxa2 16. Qc3 O-O 17. Bc4 Qa1+ 18. Kd2 Qa4 19. Ne2 Bg4 20. e5 Be7 21.
Qb3 Qxb3 22. Bxb3 Rad8 23. c3 c5 24. Rhf1 cxd4 25. cxd4 Be6 26. Bxe6 fxe6 27.
Ke3 g5 28. hxg5 Bxg5+ 29. Nf4 Rf5 30. Ke4 Rdf8 31. Rf2 h5 32. Rdf1 b5 33. Nh3
Rxf2 34. Rxf2 Rxf2 35. Nxf2 a5 36. d5 exd5+ 37. Kxd5 Kf7 38. Kd6 b4 39. Ne4
Be7+ 40. Kd5 a4 41. e6+ Kg6 42. Kc6 a3 43. bxa3 bxa3 44. Nc3 Kf5 45. Kd5 Kg4
46. Kc4 Kxg3 47. Kb3 h4 48. Nd5 Bd6 49. e7 Bxe7 50. Nxe7 h3 51. Kxa3 h2 52.
Nf5+ Kf4 53. Nd4 h1=Q 54. Kb4 Qd5 55. Nb5 Ke3 56. Na3 Kd3 57. Nb5 Qc4+ 58. Ka5
Qc5 0-1

[Event "Finale kadetskih liga-kadeti 2016."]
[Site "Djurdjevac"]
[Date "2016.12.29"]
[Round "6.33"]
[White "Baric, Marko"]
[Black "Djukin, Marko"]
[Result "0-1"]
[WhiteElo "1586"]
[BlackElo "1707"]
[PlyCount "46"]
[EventDate "2016.12.27"]

1. e4 e5 2. Nf3 Nc6 3. Bc4 Nf6 4. d3 Bc5 5. Nc3 h6 6. O-O d6 7. h3 Be6 8. Bb3
Qd7 9. Be3 g5 10. Bxe6 Qxe6 11. Bxc5 dxc5 12. Nh2 h5 13. f3 O-O-O 14. g4 hxg4
15. hxg4 Rh3 16. Kg2 Rdh8 17. Rh1 Nd7 18. Qg1 Qh6 19. Ne2 Qh4 20. c3 Nf8 21.
Rf1 Ne6 22. Rf2 Nf4+ 23. Kf1 Nxd3 0-1

[Event "Finale kadetskih liga-kadeti 2016."]
[Site "Djurdjevac"]
[Date "2016.12.29"]
[Round "6.34"]
[White "Simic, Pavo"]
[Black "Denic, Marin"]
[Result "1/2-1/2"]
[WhiteElo "1555"]
[BlackElo "1532"]
[PlyCount "132"]
[EventDate "2016.12.27"]

1. d4 d5 2. e3 e6 3. c4 Be7 4. Nc3 Nf6 5. Nf3 O-O 6. Bd3 dxc4 7. Bxc4 b6 8. O-O
Bb7 9. Re1 Nbd7 10. Bd3 c5 11. dxc5 Nxc5 12. Be2 Qxd1 13. Rxd1 Rfd8 14. b3 Rac8
15. Ba3 Bd6 16. Nb5 Bb8 17. Rac1 Rxd1+ 18. Rxd1 a6 19. Nd6 Bxd6 20. Rxd6 Ncd7
21. Bb2 b5 22. Bd4 h6 23. Ne5 Nxe5 24. Bxe5 Rc1+ 25. Bf1 Ng4 26. Bg3 Ra1 27.
Rb6 Be4 28. h3 Bd3 29. hxg4 Rxf1+ 30. Kh2 Be2 31. Rxa6 Bxg4 32. f3 Bf5 33. e4
Bg6 34. Ra5 Ra1 35. Be5 Rc1 36. Rxb5 Rc2 37. a4 Bh5 38. Kg1 Rc1+ 39. Kf2 Rc2+
40. Kg3 g5 41. Bf6 Kh7 42. a5 Kg6 43. Bd4 f5 44. exf5+ exf5 45. Rb6+ Kh7 46. f4
Rd2 47. Be3 Rd3 48. Kf2 Bf7 49. b4 g4 50. g3 Ra3 51. Rb7 Kg6 52. Rb6+ Kh7 53.
a6 Bd5 54. Rd6 Ra2+ 55. Ke1 Bf3 56. Bd2 Ra3 57. Rd7+ Kg6 58. a7 h5 59. Rc7 Kh6
60. b5 h4 61. gxh4 g3 62. b6 Ra1+ 63. Rc1 Rxc1+ 64. Bxc1 Kh5 65. Kf1 Kxh4 66.
Kg1 Kh3 1/2-1/2

[Event "Finale kadetskih liga-kadeti 2016."]
[Site "Djurdjevac"]
[Date "2016.12.29"]
[Round "6.12"]
[White "Novosel, Marko"]
[Black "Leskovar, Viktor"]
[Result "0-1"]
[WhiteElo "1926"]
[BlackElo "1802"]
[PlyCount "100"]
[EventDate "2016.12.27"]

1. e4 c5 2. Nf3 d6 3. d4 cxd4 4. Nxd4 Nf6 5. Nc3 a6 6. Bc4 e6 7. Bb3 b5 8. a3
Bb7 9. f3 Nbd7 10. Be3 Rc8 11. Qd2 Ne5 12. O-O-O Nc4 13. Bxc4 Rxc4 14. g4 Be7
15. h4 d5 16. e5 Nd7 17. f4 Qc7 18. Nce2 Nc5 19. Nc3 b4 20. axb4 Rxb4 21. Rh3
Qa5 22. Kb1 O-O 23. Na2 Ne4 24. Qe1 Ra4 25. Qxa5 Rxa5 26. Nc3 Nxc3+ 27. bxc3
Rc5 28. Bc1 Rc7 29. Ka2 Rfc8 30. Rdd3 Rc4 31. f5 Rb8 32. Rdg3 Bc8 33. Bb2 Ra4+
34. Kb1 Ba3 35. Nb3 Bxb2 36. fxe6 Ba3 37. exf7+ Kxf7 38. Rd3 Bxg4 39. Rh2 Bf5
40. Rf2 Ke6 41. Rxf5 Kxf5 42. Rxd5 Ke6 43. Rd2 Kxe5 44. Rd7 Kf6 45. h5 Rh4 46.
Ka2 Be7 47. Rd5 g5 48. hxg6 hxg6 49. Ra5 Rb6 50. Nd4 Rh5 0-1

[Event "Finale kadetskih liga-kadeti 2016."]
[Site "Djurdjevac"]
[Date "2016.12.30"]
[Round "7.11"]
[White "Smetisko, Josip"]
[Black "Cotic, Borna"]
[Result "0-1"]
[WhiteElo "1942"]
[BlackElo "1947"]
[PlyCount "68"]
[EventDate "2016.12.27"]

1. e4 c5 2. Nf3 e6 3. d4 cxd4 4. Nxd4 Nc6 5. Nc3 Qc7 6. Be3 a6 7. a4 Nf6 8. Be2
Bb4 9. f3 d5 10. Nxc6 Qxc6 11. exd5 Nxd5 12. Bd4 Nxc3 13. bxc3 Bxc3+ 14. Bxc3
Qxc3+ 15. Kf2 Qc5+ 16. Kg3 Bd7 17. Bd3 Rd8 18. Qe2 Bc6 19. Rhe1 O-O 20. h3 Rd4
21. a5 Qd6+ 22. Kf2 Bb5 23. Red1 Rd8 24. Ke3 Qc5 25. Kd2 Qb4+ 26. Ke3 Qc3 27.
Qf1 R4d5 28. Ra2 Qd4+ 29. Ke2 Re5+ 30. Kd2 Bxd3 31. cxd3 Qb4+ 32. Kc1 Rc8+ 33.
Rc2 Qa3+ 34. Kd2 Qxa5+ 0-1

[Event "Finale kadetskih liga-kadeti 2016."]
[Site "Djurdjevac"]
[Date "2016.12.30"]
[Round "7.13"]
[White "Brcic, Karlo"]
[Black "Baric, Marko"]
[Result "1/2-1/2"]
[WhiteElo "1489"]
[BlackElo "1586"]
[PlyCount "167"]
[EventDate "2016.12.27"]

1. d4 d5 2. c4 e6 3. Nc3 Nf6 4. Bg5 Be7 5. e3 O-O 6. Nf3 h6 7. Bh4 b6 8. Bd3
Bb7 9. O-O Nbd7 10. Re1 Rc8 11. Rc1 c5 12. cxd5 Nxd5 13. Bxe7 Qxe7 14. Nxd5
Bxd5 15. Bc4 Bxc4 16. Rxc4 Rfd8 17. Qc2 Rc7 18. Rc1 Rdc8 19. b4 b5 20. Rc3 c4
21. a3 Nb6 22. Qe4 Nd5 23. R3c2 a5 24. bxa5 Qxa3 25. Ne5 Qxa5 26. Qf3 Nf6 27.
Qe2 Ra8 28. Rb2 Nd7 29. Nxd7 Rxd7 30. Rcb1 Rb7 31. Qc2 Qb6 32. Qc3 Qc6 33. f3
f5 34. Kf2 Rb6 35. h3 Rab8 36. Ke2 Qc7 37. Kf2 b4 38. Rxb4 Rxb4 39. Rxb4 Rxb4
40. Qxb4 c3 41. Qb1 c2 42. Qc1 Qc3 43. Ke2 Kh7 44. f4 Qc6 45. Kd3 Qxg2 46. Qxc2
Qxh3 47. Qc6 Qf1+ 48. Kd2 Qf2+ 49. Kd3 Qa2 50. Qe8 Qb1+ 51. Ke2 Qc2+ 52. Kf3
Qe4+ 53. Ke2 Qd5 54. Qh5 g6 55. Qh4 Qd6 56. Qf6 Qd7 57. Kf2 h5 58. Kg3 Qe8 59.
Kh4 Kg8 60. Qg5 Kg7 61. Kg3 Qf7 62. Qh4 Qf6 63. Qh1 Kh6 64. Kf2 g5 65. fxg5+
Qxg5 66. Qc6 Qf6 67. d5 Qh4+ 68. Ke2 Qg4+ 69. Kf2 Qh4+ 70. Ke2 Qe4 71. Qxe6+
Qxe6 72. dxe6 Kg6 73. e7 Kf7 74. e8=Q+ Kxe8 75. Kf3 Kf7 76. e4 fxe4+ 77. Kxe4
Kf6 78. Kf3 Kg5 79. Kg3 h4+ 80. Kh3 Kh5 81. Kg2 Kg4 82. Kh2 h3 83. Kg1 h2+ 84.
Kxh2 1/2-1/2

[Event "Finale kadetskih liga-kadeti 2016."]
[Site "Djurdjevac"]
[Date "2016.12.30"]
[Round "7.21"]
[White "Jambresic, Filip"]
[Black "Matanovic, Anto"]
[Result "1/2-1/2"]
[WhiteElo "2007"]
[BlackElo "1683"]
[PlyCount "131"]
[EventDate "2016.12.27"]

1. Nf3 d5 2. c4 c6 3. cxd5 cxd5 4. d3 Nf6 5. g3 e6 6. Bg2 Be7 7. O-O O-O 8. a3
a5 9. b3 b5 10. Bb2 Nc6 11. Nbd2 Bd7 12. e4 dxe4 13. dxe4 Rc8 14. Rc1 Qb6 15.
Qe2 b4 16. a4 Rc7 17. Nc4 Qa7 18. Rfd1 Rfc8 19. Nfe5 Be8 20. Rc2 Qa6 21. Rdc1
Nd7 22. Nxd7 Bxd7 23. Qe3 Nd8 24. Bf1 Bc5 25. Qg5 Bf8 26. Ne5 Qd6 27. Rxc7 Rxc7
28. Qxd8 Rxc1 29. Nxd7 Rd1 30. Qxf8+ Qxf8 31. Nxf8 Kxf8 32. Be5 Rb1 33. Bc7
Rxb3 34. Bxa5 Rb1 35. Kg2 b3 36. Bb4+ Kg8 37. Bc3 b2 38. Bxb2 Rxb2 39. a5 Ra2
40. a6 Kf8 41. Kf3 e5 42. Ke3 Ke7 43. h4 Ra3+ 44. Kd2 f6 45. Bc4 Kd6 46. Kc2
Kc5 47. Bf1 Kd4 48. Kb2 Ra5 49. Kb3 Kxe4 50. Kb4 Ra1 51. Bb5 Rxa6 52. Bxa6 Kf3
53. Bd3 e4 54. Bc2 Kxf2 55. Bxe4 Kxg3 56. h5 Kg4 57. Bxh7 Kxh5 58. Kc3 Kg4 59.
Kd2 Kf3 60. Ke1 Kg2 61. Bf5 g5 62. Ke2 Kg3 63. Be6 Kf4 64. Kf2 f5 65. Bxf5 Kxf5
66. Kf3 1/2-1/2

[Event "Finale kadetskih liga-kadeti 2016."]
[Site "Djurdjevac"]
[Date "2016.12.30"]
[Round "7.22"]
[White "Hajpek, Erik"]
[Black "Novosel, Marko"]
[Result "1/2-1/2"]
[WhiteElo "1708"]
[BlackElo "1926"]
[PlyCount "59"]
[EventDate "2016.12.27"]

1. e4 c5 2. Nf3 d6 3. d4 cxd4 4. Nxd4 Nf6 5. Nc3 a6 6. Be3 b5 7. f3 Nbd7 8. Qd2
Bb7 9. g4 Nb6 10. h4 Rc8 11. O-O-O Nfd7 12. Rh3 Qc7 13. a3 Ne5 14. Nd5 Bxd5 15.
exd5 Nxd5 16. c3 Nxe3 17. Qxe3 Nc4 18. Bxc4 Qxc4 19. Nf5 e6 20. Rh2 Qc5 21.
Qxc5 dxc5 22. Nd6+ Bxd6 23. Rxd6 Ra8 24. Rhd2 Ke7 25. Rd7+ Kf6 26. f4 h6 27. f5
exf5 28. R2d6+ Ke5 29. Rd5+ Ke6 30. R5d6+ 1/2-1/2

[Event "Finale kadetskih liga-kadeti 2016."]
[Site "Djurdjevac"]
[Date "2016.12.30"]
[Round "7.23"]
[White "Winkler, Sven"]
[Black "Drempetic, Mario"]
[Result "1/2-1/2"]
[WhiteElo "1643"]
[BlackElo "1619"]
[PlyCount "87"]
[EventDate "2016.12.27"]

1. c4 e5 2. g3 Nf6 3. Bg2 Bc5 4. Nc3 d6 5. e3 Nc6 6. Nge2 a6 7. O-O O-O 8. d4
exd4 9. exd4 Ba7 10. b3 Bg4 11. Be3 Qd7 12. d5 Ne5 13. Bxa7 Rxa7 14. f3 Bh3 15.
Nf4 Bxg2 16. Kxg2 Re8 17. Qc2 Re7 18. Rae1 Ra8 19. Re2 Rae8 20. Rfe1 c5 21.
dxc6 bxc6 22. Nd3 c5 23. Nf4 Nc6 24. Rxe7 Rxe7 25. Rxe7 Qxe7 26. Qe2 Qxe2+ 27.
Nfxe2 g5 28. Kf2 Ne7 29. g4 d5 30. cxd5 Nexd5 31. Na4 Nd7 32. Nec3 Nc7 33. Ne4
Ne6 34. Ke3 Kg7 35. a3 Kg6 36. b4 cxb4 37. axb4 h5 38. Nac5 Ndxc5 39. gxh5+
Kxh5 40. Nxc5 Nc7 41. Kf2 Kh4 42. Kg2 f6 43. h3 f5 44. Kh2 1/2-1/2

[Event "Finale kadetskih liga-kadeti 2016."]
[Site "Djurdjevac"]
[Date "2016.12.30"]
[Round "7.24"]
[White "Hajpek, Egon"]
[Black "Mesar, Vedran"]
[Result "1/2-1/2"]
[WhiteElo "1510"]
[BlackElo "1470"]
[PlyCount "81"]
[EventDate "2016.12.27"]

1. e4 c5 2. Nf3 g6 3. d4 cxd4 4. Nxd4 Bg7 5. Nb3 Nc6 6. Nc3 Nf6 7. f3 O-O 8.
Be3 e6 9. Qd2 a6 10. O-O-O b5 11. Kb1 Ne5 12. h4 Nc4 13. Bxc4 bxc4 14. Nd4 Qa5
15. g4 Rb8 16. h5 Qa3 17. b3 cxb3 18. cxb3 e5 19. Nde2 a5 20. hxg6 fxg6 21. g5
Nh5 22. Qd5+ Rf7 23. Bc5 Bb7 24. Qxf7+ Kxf7 25. Bxa3 Bc6 26. Rh4 h6 27. gxh6
Bxh6 28. Rf1 Ke6 29. f4 exf4 30. Bc1 Rb4 31. Nxf4+ Bxf4 32. Bxf4 d6 33. Bg5 Ke5
34. Rf7 Kd4 35. e5+ Kxc3 36. Rxb4 axb4 37. exd6 Be4+ 38. Kc1 Ng7 39. Rxg7 Bf5
40. d7 Bxd7 41. Rxd7 1/2-1/2

[Event "Finale kadetskih liga-kadeti 2016."]
[Site "Djurdjevac"]
[Date "2016.12.30"]
[Round "7.31"]
[White "Tomulic, Teo"]
[Black "Golub, Nikolina"]
[Result "1-0"]
[WhiteElo "2209"]
[BlackElo "1856"]
[PlyCount "97"]
[EventDate "2016.12.27"]

1. e4 c5 2. Nf3 e6 3. d4 cxd4 4. Nxd4 Nf6 5. Nc3 Nc6 6. Ndb5 d6 7. Bf4 e5 8.
Bg5 a6 9. Na3 b5 10. Bxf6 Qxf6 11. Nd5 Qd8 12. Bxb5 axb5 13. Nxb5 Qa5+ 14. c3
Kd8 15. a4 Rb8 16. b4 Qa6 17. Ndc7 Qb7 18. O-O Bd7 19. a5 Na7 20. a6 Qb6 21. c4
Nxb5 22. Nxb5 Bxb5 23. cxb5 Qxb5 24. Ra5 Qc4 25. a7 Ra8 26. b5 Qc5 27. Qa1 Kd7
28. Rc1 Qb6 29. Qa4 Be7 30. Ra6 Rhc8 31. Rxc8 Rxc8 32. g3 Qd4 33. Qxd4 exd4 34.
a8=Q Rxa8 35. Rxa8 d3 36. Kf1 Bf6 37. Ra7+ Ke6 38. b6 Bd4 39. Ra6 Kd7 40. b7
Kc7 41. Rxd6 Be5 42. Rxd3 Kxb7 43. Rd7+ Kc6 44. Rxf7 Kc5 45. f4 Bd4 46. e5 Kd5
47. Rxg7 h5 48. Rh7 Bxe5 49. Rxh5 1-0

[Event "Finale kadetskih liga-kadeti 2016."]
[Site "Djurdjevac"]
[Date "2016.12.30"]
[Round "7.32"]
[White "Leskovar, Viktor"]
[Black "Cvitan, Ena"]
[Result "1/2-1/2"]
[WhiteElo "1802"]
[BlackElo "2079"]
[PlyCount "116"]
[EventDate "2016.12.27"]

1. g3 d5 2. Nf3 Nf6 3. Bg2 e6 4. O-O Be7 5. c4 O-O 6. Qc2 dxc4 7. Qxc4 a6 8. d3
c5 9. a3 b5 10. Qc2 Bb7 11. b3 Nc6 12. Bb2 Rc8 13. Nbd2 Nd4 14. Bxd4 cxd4 15.
Qb2 Bc5 16. b4 Bb6 17. Nb3 Bxf3 18. Bxf3 Rc3 19. Rac1 Qc7 20. Rxc3 dxc3 21. Qc2
Rc8 22. e3 a5 23. Nc1 axb4 24. axb4 Nd5 25. Bxd5 exd5 26. d4 Qc4 27. Qb3 Kf8
28. Qxc4 Rxc4 29. Na2 g5 30. Rc1 c2 31. Kf1 Bd8 32. Ke2 Be7 33. Kd3 Bxb4 34.
Rxc2 Ba5 35. Nc3 Bxc3 36. Rxc3 g4 37. Rb3 b4 38. e4 Rc1 39. Rxb4 dxe4+ 40. Kxe4
Rc2 41. Ke3 Rc3+ 42. Kf4 Rf3+ 43. Kxg4 Rxf2 44. h4 f5+ 45. Kg5 Rf3 46. Kf6 Ke8
47. Rb5 Kd7 48. Rb7+ Kd6 49. Rxh7 f4 50. g4 Rg3 51. Kf5 f3 52. Kf4 f2 53. Kxg3
f1=Q 54. Rh6+ Kd5 55. g5 Qg1+ 56. Kf4 Qxd4+ 57. Kf5 Qe4+ 58. Kf6 Kd4 1/2-1/2